Video Games By Synonym - Statistics

General Stats
  • This quiz has been taken 301 times
  • The average score is 5 of 15
Answer Stats
Hint Answer % Correct
Majestic Burglary Car Grand Theft Auto
95%
Last Daydream Final Fantasy
61%
Team of Myths League of Legends
57%
Wyvern Era Dragon Age
44%
Planet of Conflict World of Warcraft
43%
Killer's Belief Assassin's Creed
37%
Gateway Portal
36%
Period of Imperialism Age of Empires
35%
Weight Result Mass Effect
23%
Adam's Wife on the Internet Eve Online
22%
Caprine Imitator Goat Simulator
15%
Southern Estate: The Branch of Honesty South Park: The Stick of Truth
15%
Pentagram Art Starcraft
14%
Flashlight Pale Torchlight
13%
Argument Fallout
6%
No matching quizzes found
Score Distribution
Percent of People with Each Score
Percentile by Number Answered
Your Score History
You have not taken this quiz